Normal view
MARC view
Entry Topical Term
001 - CONTROL NUMBER
- control field: 13872
003 - CONTROL NUMBER IDENTIFIER
- control field: OSt
005 - DATE AND TIME OF LATEST TRANSACTION
- control field: 20210212162735.0
008 - FIXED-LENGTH DATA ELEMENTS
- fixed length control field: 210212|| aca||aabn | a|a d
040 ## - CATALOGING SOURCE
- Original cataloging agency: OSt
- Transcribing agency: OSt
150 ## - HEADING--TOPICAL TERM
- Topical term or geographic name entry element: Banking finance
670 ## - SOURCE DATA FOUND
- Source citation: Work cat.: (OSt): Mutibwa, Phares M. 13871, The Bank of Uganda (1966-2006): a historical perspective
